000 01665nam a2200301 a 4500
003 DO-SdBNP
005 20220218105730.0
007 000013191
008 091120s2000 dr 000 0 spa d
020 _a8484009572
040 _aBPMSU
_bspa
_cBPMSU
082 _aPe863.44
_bV297f 2000
_222
100 1 _aVargas Llosa, Mario
245 1 3 _aLa fiesta del Chivo /
_cMario Vargas Llosa.
260 _aSanto Domingo :
_bTaller,
_c2000.
300 _a537 p. ;
_c20 cm.
490 0 _aBiblioteca taller
_v330
520 1 _aNovela histórica sobre los últimos días del gen. Rafael Leonidas Trujillo en la República Dominicana en 1961. El hilo conductor de la novela es el retorno a la isla de Urania Cabral, hija de un senador del régimen trujillista, luego de muchos años de la muerte del dictador. Mientras Urania visita a su padre moribundo, la narración reconstruye el fin de una era haciendo un recuento de una serie de personajes históricos, entre ellos, el sempiterno presidente de la República Dominicana, Joaquín Balaguer y ascenso político. La crueldad del poder y la maldad humana destacan en este gran relato, una de las mejores novelas del novelista peruano"--Handbook of Latin American Studies, v. 58. www.loc.gov/hlas/
590 _6Inventariado, 2022/VM
600 1 4 _aTrujillo, Rafael Leónidas
_d1891-1961
650 4 _aNovela peruana
650 4 _aLIiteratura peruana
651 4 _aRepública Dominicana
_xHistoria
_yEra de Trujillo, 1930-1961
_vNovela
910 _aVMateo V/Validado. Control de calidad MFF
942 _2ddc
_cBK
945 _aRemanejado para la BNPHU / 2017 VM
956 _aVMATEO
_b10
_c20150623
_lBPMSU
_h00151
999 _c7931
_d7931